Statistiques concernant Le seul pays américain ...

Cliquez ici pour prendre le quiz!

Statistiques générales

  • Ce quiz a été pris 6,740 fois
  • Le résultat moyen est 12 sur 20

Statistiques - réponses

Le seul pays qui ... Pays % Correct
a gagné la Coupe de monde de la FIFA 5 foisBrésil
97%
a une feuille d'érable sur son drapeauCanada
93%
a longueur de 4 300 km, mais une largeur de seulement 200 kmChili
92%
est partagé en deux par un canalPanama
87%
commence par "J"Jamaïque
84%
est communisteCuba
82%
a une frontière avec HaïtiRépublique dominicaine
79%
n'utilise pas le système metriqueEtats-Unis
70%
était le lieu de naissance d'un papeArgentine
69%
se termine par "U"Pérou
63%
a des réserves pétrolières plus grandes que l'Arabie SaouditeVenezuela
56%
utilise le néerlandais comme langue officielleSuriname
48%
a deux capitales officiellesBolivie
48%
est complètement au sud du tropique du CapricorneUruguay
43%
a une capital qui commence par "A"Paraguay
41%
a plus de 100 meurtres par 100 000 habitantsSalvador
36%
a un PIB nominal par habitant de moins de $2 000Haïti
31%
utilise le Quetzal comme monnaieGuatemala
29%
a plus de 3,5 touristes annuels par chaque résidentBahamas
27%
était envahie par les USA dans les années 1980Grenade
12%

Distribution des résultats

Percentile by Number Answered

% des personnes avec chaque résultat

Votre développement - résultats

Vous n’avez pas pris ce quiz